101 T.V troubles (Record no. 253472)
[ view plain ]
| 000 -LEADER | |
|---|---|
| fixed length control field | 00198 a2200097 4500 |
| 001 - CONTROL NUMBER | |
| control field | 18399 |
| 090 ## - LOCALLY ASSIGNED LC-TYPE CALL NUMBER (OCLC); LOCAL CALL NUMBER (RLIN) | |
| -- | 13659 |
| -- | 13659 |
| 100 ## - MAIN ENTRY--PERSONAL NAME | |
| Personal name | Margoles, A |
| 245 ## - TITLE STATEMENT | |
| Title | 101 T.V troubles |
| 260 ## - PUBLICATION, DISTRIBUTION, ETC. | |
| Place of publication, distribution, etc. | |
| Name of publisher, distributor, etc. | Tab books |
| Date of publication, distribution, etc. | |
| 942 ## - ADDED ENTRY ELEMENTS (KOHA) | |
| Institution code [OBSOLETE] | NUST-CAE |
| Koha item type | |
| -- | |
| Withdrawn status | Lost status | Damaged status | Not for loan | Collection code | Permanent Location | Current Location | Date acquired | Total Checkouts | Barcode | Date last seen | Price effective from | Koha item type |
|---|---|---|---|---|---|---|---|---|---|---|---|---|
| College of Aeronautical Engineering (CAE) | College of Aeronautical Engineering (CAE) | 04/03/2017 | CAE14141 | 04/05/2017 | 04/05/2017 | Book |
